[Event "GER-chT U12"]
[Site "Magdeburg"]
[Date "2021.08.07"]
[Round "5.1"]
[White "Schmidt, Frederick"]
[Black "Brandstrup, Luca Alexander"]
[Result "0-1"]
[WhiteElo "1208"]
[BlackElo "1516"]
[PlyCount "54"]
[EventDate "2021.08.04"]
[EventType "team-swiss"]
[EventRounds "7"]
[EventCountry "GER"]
[SourceTitle "EXT 2022"]
[Source "ChessBase"]
[SourceDate "2021.10.06"]
[SourceVersion "1"]
[SourceVersionDate "2021.10.06"]
[SourceQuality "1"]
[WhiteTeam "Dresden TU"]
[BlackTeam "Hamburger SK"]
[WhiteTeamCountry "GER"]
[BlackTeamCountry "GER"]

1. d4 Nf6 2. c4 e6 3. Nc3 Bb4 4. Bd2 0-0 5. Nf3 d5 6. e3 Nbd7 7. Bd3 c5 8. 0-0 Re8 9. dxc5 Nxc5 10. a3 Nxd3 11. axb4 Nxb2 12. Qc2 Nxc4 13. Nb5 a6 14. Na3 b5 15. Nxb5 Bb7 16. Na3 Rc8 17. Nxc4 Rxc4 18. Qb3 Ne4 19. Rac1 Qd6 20. Rxc4 dxc4 21. Qb2 Rc8 22. Rc1 c3 23. Bxc3 Nxc3 24. Kf1 Ne4 25. Rxc8+ Bxc8 26. Qc2 Bb7 27. Qc4 Qd1+ 0-1

[Event "GER-chT School WK 4"]
[Site "Playchess.com INT"]
[Date "2020.06.16"]
[Round "3.2"]
[White "Stadelmann, Constantin"]
[Black "Schmidt, Frederick"]
[Result "0-1"]
[WhiteElo "1697"]
[BlackElo "1661"]
[PlyCount "88"]
[EventDate "2020.06.16"]
[EventType "team-swiss (blitz)"]
[EventRounds "5"]
[EventCountry "GER"]
[SourceTitle "EXT 2021"]
[Source "ChessBase"]
[SourceDate "2020.10.23"]
[SourceVersion "1"]
[SourceVersionDate "2020.10.23"]
[SourceQuality "1"]
[WhiteTeam "Weimar Schiller Gymn"]
[BlackTeam "Dresden Nexoe Gymn II"]
[WhiteTeamCountry "GER"]
[BlackTeamCountry "GER"]

1. d4 d5 2. Nf3 Nc6 3. c4 e6 4. e3 Nf6 5. Nc3 Bb4 6. Bd2 Bxc3 7. bxc3 Bd7 8. Bd3 0-0 9. 0-0 Qe7 10. Rb1 Rab8 11. Qe2 b6 12. Ne5 Rfd8 13. f4 Qd6 14. Rf3 Ne7 15. Rh3 Ng6 16. Rf1 c5 17. f5 exf5 18. Bxf5 Bxf5 19. Rxf5 Re8 20. Nf3 Qe6 21. Rg5 h6 22. Rgg3 Ne4 23. Ng5 Nxg5 24. Rh5 dxc4 25. Qg4 Qxg4 26. Rxg4 Ne4 27. h3 Nf6 28. Rf5 Nxg4 29. hxg4 cxd4 30. exd4 Re6 31. d5 Rf6 32. Rxf6 gxf6 33. Be3 Kg7 34. Bd4 Rd8 35. Kf2 Rxd5 36. Ke3 Rg5 37. Kf3 Nh4+ 38. Kg3 Ng6 39. a4 Ra5 40. Kf3 Rxa4 41. Ke4 Ra5 42. Kf3 Rg5 43. Kg3 a5 44. Bxb6 a4 0-1